000 00599nam a2200229Ia 4500
003 OSt
005 20220928102954.0
006 a|||||r|||| 00| 0
007 ta
008 220927b |||||||| |||| 00| 0 eng d
024 _a57391
037 _cTextual
040 _aSDCL
_cSDCL
_beng
041 _2eng
_aeng
082 _aY73(Q5).58'N6, L8
100 _aShindler Colin
_9401540
245 0 _aExit visa.
260 _aLondon
_bBachman and turner
_c1978
300 _a191p+index
_ccm.
942 _hY73(Q5).58'N6, L8
_cTEXL
_2CC
999 _c717406
_d717406